| 000 | 00647cab a2200217 4500 | ||
|---|---|---|---|
| 001 | WB2920-22 | ||
| 008 | 090401t1993 xxu||||| |||| 00| 0 eng d | ||
| 035 | _a(Sirsi) u38124 | ||
| 041 | _aeng | ||
| 245 | _aHouse prices are rising | ||
| 260 | _c1993 | ||
| 350 | _a0 | ||
| 490 |
_aDaily Mail _v26 May 1993, 20(1) |
||
| 520 | _aNational Westminster`s chief economist has predicted an increase in house prices of 3% in 1993 and 7% in the following year. | ||
| 650 | _aFORECASTS | ||
| 650 | _aHOUSE PRICES | ||
| 650 | _aRECOVERY | ||
| 690 | _aPROPERTY-RESIDENTIAL PROPERTY-RESIDENTIAL PROPERTY MARKET | ||
| 942 | _n0 | ||
| 948 | _c04/03/1997 | ||
| 999 |
_c24498 _d24498 |
||